000 00339nam a2200145Ia 4500
003 OSt
005 20231219112251.0
008 170523s9999 xx 000 0 und d
020 _a8126503548
040 _cIIMT
100 _aMallick- Martyn
245 0 _aMobile and Wireless Design Essentials
260 _aWiley India
942 _2ddc
_c02
999 _c12242
_d12242